Statistics for Flood Tracks

Click here to take the quiz!

General Stats

  • This quiz has been taken 11 times
  • The average score is 13 of 19

Answer Stats

Track #Answer% Correct
2Birdhouse in Your Soul
90%
4Istanbul (Not Constantinople)
80%
12Minimum Wage
80%
7Particle Man
80%
19Road Movie to Berlin
80%
18They Might Be Giants
80%
15Hot Cha
70%
17Sapphire Bullets of Pure Love
70%
1Theme from Flood
70%
5Dead
60%
11Hearing Aid
60%
13Letterbox
60%
3Lucky Ball & Chain
60%
10Someone Keeps Moving My Chair
60%
9We Want a Rock
60%
6Your Racist Friend
60%
8Twisting
50%
16Women & Men
50%
14Whistling in the Dark
40%

Score Distribution

Percentile by Number Answered

Percent of People with Each Score

Your Score History

You have not taken this quiz